00388 2200157 4500001002100000008004100021035002000062245003300082100002000115250000600135260004100141084001400182082000800196650001400204990001200218INLIS000000000001561 ind  a0010-0125000059 aNew WebsterscStella Saputra aSaputra, Stella a1 aTangerang :bKarisma Publising Group a600 STE n a600 aNon Fiksi a0715090